List of US States by Billionaires - Statistics

General Stats
  • This quiz has been taken 199 times
  • The average score is 7 of 16
Answer Stats
Number State % Correct
111 California
99%
88 New York
95%
51 Texas
89%
37 Florida
86%
19 Illinois
66%
12 Washington
45%
15 Connecticut
35%
11 Michigan
31%
10 Pennsylvania
30%
8 Massachusetts
26%
9 Arizona
25%
8 Georgia
22%
8 Nevada
20%
9 Maryland
19%
8 Colorado
13%
9 Wisconsin
5%
No matching quizzes found
Score Distribution
Percent of People with Each Score
Percentile by Number Answered
Your Score History
You have not taken this quiz